Quiz sur la Marne - Statistiques

Statistiques générales
  • Ce quiz a été pris 3 151 fois
  • Le résultat moyen est 12 sur 20
Statistiques - réponses
Question Réponse % Correct
Région dans laquelle il se situe depuis 2016 Grand Est
95%
Numéro du département 51
93%
Plus grande ville du département, avec 180 000 habitants Reims
93%
La Marne est la plus longue rivière (non-fleuve) de FranceMais de quel fleuve est-elle le plus long affluent ? Seine
89%
Province historique à laquelle appartient le département Champagne
80%
Préfecture et deuxième plus grande ville Châlons
78%
Moine bénédictin et inventeur du vin local, au temps de Louis XIV Dom {Pérignon}
65%
Conflit dont la "Bataille de la Marne" fit 500 000 victimes en 7 jours Première Guerre mondiale
65%
Dessinateur de bande-dessinées principalement connu pour Astérix Albert Uderzo
61%
Elle est surnommée ___ , car cet évènement s'y est produit 31 fois La Cité des {Sacres}
61%
Présentateur Journal de 20 heures sur TF1 de 1987 à 2008,il a inspiré la marionnette principale des Guignols de l'Info Patrick Poivre-d'Arvor
61%
Sous-préfecture qui est la capitale du vin de la région Épernay
59%
Discipline dans laquelle Yohann Diniz détient le record du monde 50 kilomètres marche
49%
Bataille qui est la première victoire décisive de l'armée françaiserévolutionnaire, la veille de la proclamation de la République Bataille de {Valmy}
38%
Caricaturiste de Hara-Kiri et Canard Enchaîné, père de Mano Solo,il décède le 7 janvier 2015 dans l'attentat visant Charlie Hebdo Cabu
38%
Milieu offensif de Metz puis Arsenal, vainqueur de la Coupe du Monde1998 puis de l'Euro 2000 avec la France, il a dû « muscler son jeu » Robert Pirès
38%
Contrôleur général des finances de ce même roi, de 1665 à 1683 Jean-Baptiste Colbert
32%
Sous-préfecture créée en 1545 sur ordre du Roi de France,dont le nom est aujourd'hui accolé à celui de la commune Vitry-le-François
30%
Marnais qui fut premier ministre de Charles de Gaulle et d'Alain Poher Maurice Couve de Murville
15%
Humoriste inventeur du Schmilblick et du mot « loufoque »,il est l'une des figures de la Résistance sur Radio Londres Pierre Dac
15%
Aucun quiz correspondant
Distribution des résultats
% des personnes avec chaque résultat
Percentile par nombre de réponses
Votre historique - résultats
Vous n’avez pas pris ce quiz